00319nam a2200121Ia 4500008004100000100002000041245003600061260004800097300000900145650001900154942000700173999001700180190216s9999||||xx |||||||||||||| ||und|| aKundra&Amp;Bawa 0aHistory Of Muslim Rule In India b"Neelam Agencies Publications, Agra"c1985 a476p aIndian History cBK c19599d19599